| 000 | 00453nmm a2200169Ia 4500 | ||
|---|---|---|---|
| 008 | 251105s9999||||xx |||||||||||||||||und|| | ||
| 020 | _a9788498953237 | ||
| 041 | _aspa | ||
| 100 | _aClark, Ben | ||
| 245 | 0 | _aLa policía celeste | |
| 264 |
_a[Madrid, España] : _bVisor Libros, _c2018 |
||
| 300 | _a68 páginas | ||
| 490 | _aVisor de Poesía | ||
| 650 | _aSpanish poetry | ||
| 856 | _uhttps://public.digitaliapublishing.com/a/77258 | ||
| 942 | _cCF | ||
| 999 |
_c92193 _d92193 |
||